Southville International School and Colleges
Your cart is empty.
  • Cart
  • Lists
    Public lists Eva Luna New books Lux_list list_1
    Your lists Log in to create your own lists
  • Log in to your account
  • Your cookies
  • Search history
Southville International School and Colleges
  • Advanced search
  • Recent comments
  • Most popular
  • Libraries

Log in to your account

Log in with GOOGLE


If you do not have an external account, but do have a local account, you can still log in:

  1. Home
  2. MARC view: A separate peace /
Normal view MARC view ISBD view

A separate peace / (Record no. 34055)

[ view plain ]
MARC details
000 -LEADER
fixed length control field 01060cam a22003731 4500
001 - CONTROL NUMBER
control field 4130057
003 - CONTROL NUMBER IDENTIFIER
control field OSt
005 - DATE AND TIME OF LATEST TRANSACTION
control field 20140310184407.0
008 - FIXED-LENGTH DATA ELEMENTS--GENERAL INFORMATION
fixed length control field 700415s1968 at 000 1 eng
010 ## - LIBRARY OF CONGRESS CONTROL NUMBER
LC control number 76367933
015 ## - NATIONAL BIBLIOGRAPHY NUMBER
National bibliography number Aus68-2521
020 ## - INTERNATIONAL STANDARD BOOK NUMBER
International Standard Book Number 9780743253970
040 ## - CATALOGING SOURCE
Original cataloging agency DLC
Transcribing agency DLC
Modifying agency DLC
-- OCoLC
043 ## - GEOGRAPHIC AREA CODE
Geographic area code n-us-nh
050 ## - LIBRARY OF CONGRESS CALL NUMBER
Classification number PS 3561.N68
Item number .Se4 1959
100 1# - MAIN ENTRY--PERSONAL NAME
Personal name Knowles, John,
Dates associated with a name 1926-
9 (RLIN) 25819
245 12 - TITLE STATEMENT
Title A separate peace /
Statement of responsibility, etc John Knowles.
260 ## - PUBLICATION, DISTRIBUTION, ETC. (IMPRINT)
Place of publication, distribution, etc USA :
Name of publisher, distributor, etc John Knowes Inc.,
Date of publication, distribution, etc 1959
300 ## - PHYSICAL DESCRIPTION
Extent 204 p. :
Dimensions 18 cm.
350 ## - PRICE (NR) (BK AM CF MU VM SE) [OBSOLETE]
Price 0.95
521 ## - TARGET AUDIENCE NOTE
Target audience note
526 ## - STUDY PROGRAM INFORMATION NOTE
Reading level 1110
650 #0 - SUBJECT ADDED ENTRY--TOPICAL TERM
Topical term or geographic name as entry element Preparatory school students
General subdivision Fiction.
9 (RLIN) 25820
650 #0 - SUBJECT ADDED ENTRY--TOPICAL TERM
Topical term or geographic name as entry element Preparatory schools
General subdivision Fiction.
9 (RLIN) 25821
650 #0 - SUBJECT ADDED ENTRY--TOPICAL TERM
Topical term or geographic name as entry element Friendship
General subdivision Fiction.
9 (RLIN) 25822
650 #0 - SUBJECT ADDED ENTRY--TOPICAL TERM
Topical term or geographic name as entry element Death
General subdivision Fiction.
9 (RLIN) 25823
650 #0 - SUBJECT ADDED ENTRY--TOPICAL TERM
Topical term or geographic name as entry element Boys
General subdivision Fiction.
9 (RLIN) 25824
651 #0 - SUBJECT ADDED ENTRY--GEOGRAPHIC NAME
Geographic name New Hampshire
General subdivision Fiction.
9 (RLIN) 25825
655 #7 - INDEX TERM--GENRE/FORM
Genre/form data or focus term Bildungsromane.
Source of term gsafd
9 (RLIN) 2999
906 ## - LOCAL DATA ELEMENT F, LDF (RLIN)
a 7
b cbc
c orignew
d u
e ncip
f 19
g y-gencatlg
942 ## - ADDED ENTRY ELEMENTS (KOHA)
Source of classification or shelving scheme Library of Congress Classification
Koha item type
Holdings
Withdrawn status Lost status Source of classification or shelving scheme Damaged status Home library Current library Shelving location Date acquired Total Checkouts Total Renewals Full call number Barcode Date last seen Date checked out Copy number Price effective from Koha item type
    Library of Congress Classification   Luxembourg Library Luxembourg Library Scholastic Reading Center Section 10/08/2013 1 10 PS 3561.N68 .Se4 1959 LEX0621 04/18/2017 08/25/2016 1 01/30/2014 Books
    Library of Congress Classification   Luxembourg Library Luxembourg Library Scholastic Reading Center Section 10/08/2013     PS 3561.N68 .Se4 1959 LEX1111 04/18/2017   2 10/08/2013 Books

A separate peace /

APA

Knowles J., . (1959). A separate peace. USA: John Knowes Inc.

Chicago

Knowles John, . 1959. A separate peace. USA: John Knowes Inc.

Harvard

Knowles J., . (1959). A separate peace. USA: John Knowes Inc.

MLA

Knowles John, . A separate peace. USA: John Knowes Inc. 1959.

  • Place hold
  • Print
  • Cite
  • Add to your cart (remove)
  • Save record
    BIBTEX Dublin Core MARCXML MARC (non-Unicode/MARC-8) MARC (Unicode/UTF-8) MARC (Unicode/UTF-8, Standard) MODS (XML) RIS
  • More searches
    Search for this title in:
    Other Libraries (WorldCat) Other Databases (Google Scholar) Online Stores (Bookfinder.com) Open Library (openlibrary.org)

Exporting to Dublin Core...

SOUTHVILLE LIBRARY

Southville International School and Colleges Library

1281 Tropical Ave. Cor. Luxembourg St., BF Homes International, Las Pinas City

Tel. No. 8256374 / 252358 Loc. 117/146

Powered by Koha